| 000 | 00713nam a2200217 4500 | ||
|---|---|---|---|
| 001 | 116082 | ||
| 003 | ES-MaACL | ||
| 005 | 20250816062536.0 | ||
| 007 | t| | ||
| 008 | 061121s1968 sp r ||||1| spa d | ||
| 100 | 1 |
_aParís, Carlos, _d1925-2014 _989133 |
|
| 245 | 1 | 0 |
_aUnamuno : _bestructura de su mundo intelectual / _cCarlos París. |
| 250 | _a1ª ed. | ||
| 260 |
_aBarcelona : _bPenínsula, _c1968. |
||
| 300 |
_a396 p. ; _c21 cm. |
||
| 490 | 1 |
_aHistoria, ciencia, sociedad ; _v33 |
|
| 600 | 1 | 4 |
_aUnamuno, Miguel de, _d1864-1936- _xCrítica e interpretación _9111984 |
| 830 | 1 | 0 |
_aHistoria, ciencia, sociedad (Península) _v33 _9177444 |
| 852 |
_aES-MaACL _jC-35054 |
||
| 999 |
_c116082 _d116082 |
||